LDR 00599naa#a2200169#i#450# 001 EN\\bibl\126872 005 20260703072850.5 011 ## _a2227-1171 100 ## _a20260630b2026####ek#y0engy0150####ca 102 ## _aRU 200 1# _aON THE ISSUE OF THE DIGITAL COMPONENT IN THE COGNITIVE COMPONENT OF PROFESSIONAL LEGAL AWARENESS _eJournal article 210 1# _aKazan _cKazan law institute Ministry of Internal Affairs Russian Federation _d2026 215 ## _a7 с. 608 ## _aJournal article _2local 675 ## _aПравосознание. 340.114.5 _z 700 #1 _aAntonova _gAnastasia Igorevna 856 4# _avestnikkui.ru _u